Youtubers Quiz - Statistics

General Stats
  • This quiz has been taken 72 times
  • The average score is 8 of 15
Answer Stats
Hint Answer % Correct
What youtuber has the most subscribers Pewdiepie
86%
Character created by Colleen Evans Miranda Sings
83%
Which two Youtubers are the focus of the ship Phan Dan and Phil
69%
Youtuber with the channel name Zoella Zoe Sugg
69%
Youtuber who is the original singer of the song Happy Little Pill Troye Sivan
68%
Brother of the above ^ Joe Sugg
64%
Channel known for making reaction videos of kids, tnens, adults, youtubers, and elders Finebros
56%
Youtuber who does the series My Drunk Kitchen Hannah Hart
56%
Youtuber who opens every video with "Ah good day everyone" Joey Graceffa
51%
What Channel was made by Connor Franta, JC Caylen, Kian Lawley, Ricky Dillon, Trevor Moran, and Sam Portoff Our Second Life
51%
Youtuber married to Colleen Evans Joshua Evans
47%
Youtuber who does the series You Deserve A Drink Mamrie Hart
41%
Youtuber whose fandom is called Team Super Lilly Singh
39%
The Queen of the internet and Youtube Tyler Oakley
34%
Youtuber who says "Stay awesome possums" Rachel Ballinger
14%
No matching quizzes found
Score Distribution
Percent of People with Each Score
Percentile by Number Answered
Your Score History
You have not taken this quiz